00610nam a2200181Ia 4500003000900000008004100009020001800050040001600068080002000084245011200104260003400216300001000250650001600260700003400276942000700310999001500317952009600332IN-BaIIA211028s9999 xx 000 0 eng d a0-900414-28-6 cIIA Library a77(058)bBJP-83 0aBritish journal of photography annual 1983cedited by Geoffrey Crawley  aLondonbHenry Greenwoodc1982 a220p. aPhotography aCrawley, Geoffrey .,ed.96931 cBK c7780d7780 00104070aBANbBANcGENd1983-09-06l0o77(058)/ BJP-83p8597r2021-11-05w1983-09-06yBK